[Event "ISR-ch U20"]
[Site "Ramat Hasharon"]
[Date "2023.08.08"]
[Round "8"]
[White "Gorshtein, Asaf"]
[Black "Noy, Eyal"]
[Result "1/2-1/2"]
[WhiteElo "2027"]
[BlackElo "2104"]
[PlyCount "97"]
[EventDate "2023.08.02"]
[EventType "swiss"]
[EventRounds "9"]
[EventCountry "ISR"]
[SourceTitle "EXT 2024"]
[Source "ChessBase"]
[SourceDate "2023.10.10"]
[SourceVersion "1"]
[SourceVersionDate "2023.10.10"]
[SourceQuality "1"]

1. e4 e5 2. Nf3 Nc6 3. Bb5 a6 4. Ba4 Nf6 5. Nc3 Bc5 6. 0-0 b5 7. Bb3 d6 8. d3 h6 9. h3 0-0 10. a3 Be6 11. Bxe6 fxe6 12. Be3 Bxe3 13. fxe3 Qd7 14. Qe1 Ne7 15. Rd1 Qc6 16. Qd2 Ng6 17. Ne2 Qb6 18. Kh2 Rfd8 19. Ng3 Rac8 20. Rfe1 Qc6 21. Rc1 Qb7 22. b4 c5 23. c4 d5 24. exd5 exd5 25. cxb5 Qxb5 26. bxc5 Rxc5 27. Rxc5 Qxc5 28. Qb2 e4 29. dxe4 dxe4 30. Nd4 Nh5 31. Ndf5 Rd7 32. Rc1 Qd5 33. Rc8+ Kh7 34. Nxh5 Qxf5 35. Ng3 Qe6 36. Rb8 Qe5 37. Qxe5 Nxe5 38. Nxe4 Rd3 39. a4 Rxe3 40. Nc5 a5 41. Rb5 Nc4 42. Nb3 Nb2 43. Nxa5 Nxa4 44. Nc4 Re7 45. Nd6 Nc3 46. Rb3 Nd5 47. Nf5 Re5 48. g4 Ne7 49. Nxe7 1/2-1/2

[Event "ISR-ch U20"]
[Site "Ramat Hasharon"]
[Date "2023.08.06"]
[Round "4"]
[White "Michaeli, Omri"]
[Black "Gorshtein, Asaf"]
[Result "0-1"]
[WhiteElo "2050"]
[BlackElo "2027"]
[PlyCount "114"]
[EventDate "2023.08.02"]
[EventType "swiss"]
[EventRounds "9"]
[EventCountry "ISR"]
[SourceTitle "EXT 2024"]
[Source "ChessBase"]
[SourceDate "2023.10.10"]
[SourceVersion "1"]
[SourceVersionDate "2023.10.10"]
[SourceQuality "1"]

1. e4 c6 2. d4 d5 3. Nd2 dxe4 4. Nxe4 Nd7 5. Bc4 Ngf6 6. Ng5 e6 7. Qe2 Nb6 8. Bd3 c5 9. dxc5 Bxc5 10. N1f3 Be7 11. 0-0 0-0 12. Ne5 h6 13. Ngf3 Nbd7 14. Bf4 Nc5 15. Rad1 Nxd3 16. Rxd3 Qe8 17. Qd2 Ne4 18. Qe2 Nc5 19. Rc3 f6 20. Nd3 Nxd3 21. cxd3 e5 22. Bg3 Bb4 23. Rcc1 Qb5 24. Qe4 Bd7 25. Rc7 Ba5 26. Rxb7 Bb6 27. Qc4+ Qxc4 28. dxc4 Bc8 29. Rxb6 axb6 30. a3 Be6 31. Rc1 Rfd8 32. Kf1 Rac8 33. b3 Rd3 34. Rb1 Rxb3 35. Rxb3 Bxc4+ 36. Ke1 Bxb3 37. Kd2 Bd5 38. Ne1 Ra8 39. f4 exf4 40. Bxf4 Rxa3 41. Nc2 Ra2 42. Kc3 Bxg2 43. Ne3 Be4 44. Kb4 g5 45. Bd6 f5 46. Nc4 f4 47. h4 f3 48. hxg5 f2 49. Ne3 hxg5 50. Be7 g4 51. Bh4 Bd3 52. Kb3 Re2 53. Bxf2 Rxf2 54. Nxg4 Rf4 55. Ne5 Bb5 56. Ng6 Re4 57. Kc3 Kg7 0-1

[Event "ISR-ch U18"]
[Site "HaKfar HaYarok"]
[Date "2021.03.26"]
[Round "9"]
[White "Gorshtein, Asaf"]
[Black "Zemach, Roee"]
[Result "1/2-1/2"]
[WhiteElo "2122"]
[BlackElo "2292"]
[PlyCount "62"]
[EventDate "2021.03.19"]
[EventType "swiss"]
[EventRounds "9"]
[EventCountry "ISR"]
[SourceTitle "EXT 2022"]
[Source "ChessBase"]
[SourceDate "2021.10.06"]
[SourceVersion "1"]
[SourceVersionDate "2021.10.06"]
[SourceQuality "1"]

1. Nf3 Nf6 2. c4 e6 3. d4 c5 4. Nc3 cxd4 5. Nxd4 Nc6 6. a3 d5 7. cxd5 Nxd5 8. Nxc6 bxc6 9. e4 Nxc3 10. Qxd8+ Kxd8 11. bxc3 Rb8 12. Bc4 Bc5 13. Bf4 Rb6 14. Be5 f6 15. Bd4 Bxd4 16. cxd4 Ke7 17. 0-0-0 Bd7 18. Kc2 Rhb8 19. Rb1 e5 20. d5 Rxb1 21. Rxb1 Rxb1 22. Kxb1 Kd6 23. Kc2 Kc5 24. Kc3 g5 25. g3 h6 26. dxc6 Bxc6 27. Bd3 Be8 28. h4 Bh5 29. Bc2 Be2 30. Bb1 Bd1 31. Bd3 Ba4 1/2-1/2

[Event "Netanya op"]
[Site "Netanya"]
[Date "2019.07.02"]
[Round "9"]
[White "Friedland, Eldar"]
[Black "Gorshtein, Asaf"]
[Result "1/2-1/2"]
[WhiteElo "1959"]
[BlackElo "2109"]
[PlyCount "110"]
[EventDate "2019.06.23"]
[EventType "swiss"]
[EventRounds "9"]
[EventCountry "ISR"]
[SourceTitle "EXT 2020"]
[Source "ChessBase"]
[SourceDate "2019.10.17"]
[SourceVersion "1"]
[SourceVersionDate "2019.10.17"]
[SourceQuality "1"]

1. d4 d5 2. c4 dxc4 3. e3 Nf6 4. Bxc4 e6 5. Nf3 c5 6. 0-0 a6 7. a4 Nc6 8. Qe2 Qc7 9. Rd1 Be7 10. dxc5 Bxc5 11. b3 Na5 12. Nbd2 Nxc4 13. Nxc4 0-0 14. Bb2 Qe7 15. Rac1 Bd7 16. Bxf6 gxf6 17. Ncd2 Bc6 18. Nd4 Bxd4 19. exd4 Rad8 20. Ne4 f5 21. Ng3 Qg5 22. Qh5 Qxh5 23. Nxh5 Rd6 24. Rd3 Rfd8 25. Rcd1 Kf8 26. Nf4 b5 27. d5 Bxd5 28. Nxd5 Rxd5 29. Rxd5 Rxd5 30. Rxd5 exd5 31. axb5 axb5 32. f4 b4 33. Kf2 Ke7 34. Ke3 Kd7 35. Kd3 Kc6 36. Ke3 Kc5 37. Kd3 d4 38. Kc2 Kd6 39. Kd2 Kd5 40. Kd3 f6 41. g3 Kc5 42. Kc2 Kc6 43. Kd2 Kd6 44. Kc2 Kc5 45. Kd2 Kd5 46. Kd3 h6 47. h3 Kc5 48. Kc2 Kc6 49. Kd2 Kd6 50. Kc2 Kc5 51. Kd2 Kd5 52. Kd3 h5 53. h4 Kc5 54. Kc2 Kb5 55. Kd3 Kc5 1/2-1/2

[Event "Netanya op"]
[Site "Netanya"]
[Date "2019.07.01"]
[Round "8"]
[White "Gorshtein, Asaf"]
[Black "Ehrlich, Roy"]
[Result "1-0"]
[WhiteElo "2109"]
[BlackElo "1938"]
[PlyCount "129"]
[EventDate "2019.06.23"]
[EventType "swiss"]
[EventRounds "9"]
[EventCountry "ISR"]
[SourceTitle "CBM 191 Extra"]
[Source "ChessBase"]
[SourceDate "2019.09.30"]
[SourceVersion "1"]
[SourceVersionDate "2019.09.30"]
[SourceQuality "1"]

1. e4 e6 2. d4 d5 3. Nd2 dxe4 4. Nxe4 Nd7 5. Nf3 Ngf6 6. Nxf6+ Nxf6 7. Bd3 Be7 8. 0-0 0-0 9. Ne5 c5 10. dxc5 Qc7 11. Bf4 Qxc5 12. Qf3 Nd7 13. Rfe1 Bf6 14. Qh5 h6 15. Bxh6 Nxe5 16. Bh7+ Kh8 17. Be3 Nf3+ 18. Qxf3 Qb4 19. Qh5 Qh4 20. Qxh4 Bxh4 21. Be4 Rd8 22. Rad1 Rxd1 23. Rxd1 f5 24. Bf3 Bf6 25. b3 e5 26. Bd5 f4 27. Bc5 a5 28. Be4 a4 29. b4 Kg8 30. Bd5+ Kh7 31. c4 Kg6 32. f3 Kh5 33. g3 g5 34. gxf4 gxf4 35. Kf2 Bh4+ 36. Ke2 Ra6 37. Rg1 Bg5 38. h4 Bf6 39. Rg8 Be6 40. Rb8 Kxh4 41. Rxb7 Bxd5 42. cxd5 Ra8 43. Ra7 Rg8 44. Rxa4 Kg3 45. Ra6 Bg5 46. Re6 Ra8 47. Rxe5 Rxa2+ 48. Kd3 Bd8 49. Re8 Bf6 50. d6 Ra1 51. Rf8 Bh4 52. b5 Kxf3 53. b6 Rb1 54. Kc4 Ke4 55. Re8+ Kf5 56. d7 f3 57. d8Q Bxd8 58. Rxd8 Ke4 59. Re8+ Kf4 60. Kd5 Kg3 61. Rg8+ Kh2 62. Kc6 Kh1 63. b7 f2 64. Bxf2 Rd1 65. Rg1+ 1-0